Stolice Europy - Statystyki

Ogólne statystyki
  • Ten quiz został rozwiązany 17 razy
  • Średni wynik to 31 z 42
Odpowiedzi na mapie
Odpowiedzi zakodowano w zielono-czerwonej skali na mapie do tego quizu, zgodnie z poniższymi procentami.
 
Statystyki odpowiedzi
Stolica % Poprawnych
Kijów
87%
Londyn
87%
Mińsk
87%
Oslo
87%
Paryż
87%
Praga
87%
Sztokholm
87%
Warszawa
87%
Ateny
80%
Berlin
80%
Bratysława
80%
Budapeszt
80%
Bukareszt
80%
Dublin
80%
Lizbona
80%
Madryt
80%
Moskwa
80%
Reykjavík
80%
Ryga
80%
Tallin
80%
Wilno
80%
Amsterdam
73%
Bruksela
73%
Helsinki
73%
Luksemburg
73%
Rzym
73%
Wiedeń
73%
Zagrzeb
73%
Berno
67%
Kiszyniów
67%
San Marino
67%
Sarajewo
67%
Sofia
67%
Valletta
67%
Watykan
67%
Podgorica
60%
Prisztina
60%
Tirana
60%
Vaduz
60%
Belgrad
53%
Lublana
53%
Skopje
40%
Nie znaleziono quizów pasujących do podanych kryteriów
Rozkład punktacji
Procent ludzi z każdym wynikiem
Percentyl według liczby udzielonych odpowiedzi
Twoja historia wyników
Nie rozwiązałeś tego quizu